Excel phổ thông Giáo trình tin học phổ thông
Những kiến thức cơ bản và ứng dụng của chương trình Microsoft Excel trong lập các bảng tính và những thao tác với bảng
Guardat en:
| Autor corporatiu: | |
|---|---|
| Format: | Llibre |
| Idioma: | Undetermined |
| Publicat: |
Hà Nội
Thống Kê
2000
|
| Matèries: | |
| Etiquetes: |
Afegir etiqueta
Sense etiquetes, Sigues el primer a etiquetar aquest registre!
|
| Thư viện lưu trữ: | Trung tâm Học liệu Trường Đại học Cần Thơ |
|---|
| LEADER | 00762nam a2200205Ia 4500 | ||
|---|---|---|---|
| 001 | CTU_42008 | ||
| 008 | 210402s9999 xx 000 0 und d | ||
| 082 | |a 005.3 | ||
| 082 | |b Gi108 | ||
| 110 | |a VN-Guide | ||
| 245 | 0 | |a Excel phổ thông | |
| 245 | 0 | |b Giáo trình tin học phổ thông | |
| 245 | 0 | |c VN-Guide | |
| 260 | |a Hà Nội | ||
| 260 | |b Thống Kê | ||
| 260 | |c 2000 | ||
| 520 | |a Những kiến thức cơ bản và ứng dụng của chương trình Microsoft Excel trong lập các bảng tính và những thao tác với bảng | ||
| 650 | |a Excel ( computer programs ),Excel (Chương trình máy tính) | ||
| 904 | |i Trọng Hiếu | ||
| 980 | |a Trung tâm Học liệu Trường Đại học Cần Thơ | ||